Guess the GD PLAYER by their ICON! #2 - Statistics

General Stats
  • This quiz has been taken 10 times
  • The average score is 47 of 56
Answer Stats
Question Tile Select % Correct
tride? No
100%
aeon air? No
100%
aeon air? No
100%
toshdeluxe? No
100%
viprin? No
100%
viprin? No
100%
nexus? No
100%
nexus? No
100%
conix? No
100%
spaceuk? No
100%
spaceuk? No
100%
wulzy? No
100%
wulzy? No
100%
funnygame? Yes
88%
funnygame? No
88%
funnygame? No
88%
funnygame? No
88%
tride? No
88%
tride? No
88%
toshdeluxe? Yes
88%
toshdeluxe? No
88%
toshdeluxe? No
88%
viprin? Yes
88%
viprin? No
88%
nexus? Yes
88%
nexus? No
88%
conix? No
88%
conix? No
88%
spaceuk? No
88%
spaceuk? Yes
88%
wulzy? Yes
88%
wulzy? No
88%
justagdplayer? No
88%
justagdplayer? No
88%
justagdplayer? No
88%
zobros? No
88%
zobros? No
88%
xcreatorgoal? Yes
88%
xcreatorgoal? No
88%
xcreatorgoal? No
88%
xcreatorgoal? No
88%
tride? Yes
75%
zylenox? No
75%
conix? Yes
75%
OneAlphaHelix? No
75%
OneAlphaHelix? No
75%
zobros? Yes
75%
zobros? No
75%
aeon air? No
63%
aeon air? Yes
63%
zylenox? No
63%
OneAlphaHelix? No
63%
justagdplayer? Yes
63%
zylenox? No
50%
zylenox? Yes
25%
OneAlphaHelix? Yes
13%
No matching quizzes found
Score Distribution
Percent of People with Each Score
Percentile by Number Answered
Your Score History
You have not taken this quiz